000 00635nam a2200229Ia 4500
003 OSt
005 20220923230223.0
006 a|||||r|||| 00| 0
007 ta
008 Pun
024 _a278,449
037 _cTextual
040 _aARTS
_cARTS
_bPun
041 _2Pun
_aPun
082 _aO153m2'N52, J6;L0
100 _aਸਿੰਘ, ਜੀਵਨ, ਥਦ.
245 0 _aਸਾਹਿਤ ਸਮਾਚਾਰ
_b ਨਾਟਕ ਅੰਕ
260 _c1956
650 _aਪੰਜਾਬੀ ਸਾਹਿਤ
942 _hO153m2'N52, J6;L0
_cTEXL
_2CC
999 _c383324
_d383324